Quick Pick: Movies of 2011 Quiz Stats

 Plays Quiz Updated Jan 28, 2019

Support Sporcle.
Go Orange.
Score 0/15 Timer 01:00
1 Play Today
% Correct
Holmes
97.3%
Caribbean
97.1%
Panda
96.7%
Attached
96.6%
Planet
96.3%
Dragon
96.2%
Angeles
96%
Stupid
95.8%
% Correct
Paris
95.3%
Aliens
94.9%
Incredibly
94%
Zoo
93.4%
Avenger
92.8%
Code
90.7%
Class
87%

Today's Daily Dose

Missing Word
50 Cent Songs

Word Ladder
Close Gunshot

Quick Pick
Pop Punk Bands

Get the Picture
An 'S' in Disney

From the Vault

Jurassic 'Arc'

by Hejman

Coming soon to a theater near you!
Remove Ads.
Support Sporcle.
Get the best of Sporcle when you Go Orange. This ad-free experience offers more features, more stats, and more fun while also helping to support Sporcle. Thank you for becoming a member.

Show Comments

Extras

Top Quizzes Today


Score Distribution

Your Account Isn't Verified!

In order to create a playlist on Sporcle, you need to verify the email address you used during registration. Go to your Sporcle Settings to finish the process.

Report this User

Report this user for behavior that violates our Community Guidelines.

Details: